01204nam a2200193Ia 4500001001000000003001000010008004100020040002500061041001300086100003000099245008700129250001100216260009100227300002900318500026000347501011400607520026000721650002900981L232-7038IT-CnALBA170116s9999||||xx |||||||||||||| ||und|| aIT-CnALBAcIT-CnALBA aITALIANO aMESCHLER P. MAURIZIO, SJ. 0aLA VESTE NUZIALE. ISTRUZIONI SUL SS. SACRAMENTO DELL'AMORE IN FORMA DI PREGHIERE.  a1a ed. aTORINObSALESIANA EDITRICE TIP. E LIBR.c1916 [1° Ed.:1916 - Ed.Ling.Originale: 1916] a218 p. (prefazione: 512) aCOMNIONE FREQUENTE. TRADUZIONE DAL TEDESCO DI GUERRA ANTONIO. PREGHIERA DELLA MESSA. DOTTRINA DELL'EUCARESTIA. ECCELLENZA DELL'EUCARESTIA. EFFETTI DEL SACRAMENTO. FIGURE DELL'EUCARESTIA. ALBERO DELLA VITA. NUBE MANNA PANE DI ELIA. ARCA DELL'ALLEANZA. AGNE aSocietà San Paolo EM - Piazza San Paolo, 14 - 12051 ALBA (CN) (non commercial uses only) ® Copyright 2017 aCOMNIONE FREQUENTE. TRADUZIONE DAL TEDESCO DI GUERRA ANTONIO. PREGHIERA DELLA MESSA. DOTTRINA DELL'EUCARESTIA. ECCELLENZA DELL'EUCARESTIA. EFFETTI DEL SACRAMENTO. FIGURE DELL'EUCARESTIA. ALBERO DELLA VITA. NUBE MANNA PANE DI ELIA. ARCA DELL'ALLEANZA. AGNE aVITA E MISTERO DI CRISTO